Jedno z ważniejszych wydarzeń w dorosłym życiu - Statystyki

Ogólne statystyki
  • Ten quiz został rozwiązany 18 razy
  • Średni wynik to 3 z 8
Statystyki odpowiedzi
Hint Odpowiedź % Poprawnych
1. Ślub
100%
5. Narodziny Dziecka
63%
4. Matura
31%
6. Rozwód
31%
8. Zaręczyny
19%
3. Studniówka
6%
7. Zdanie Prawa Jazdy
6%
2. Wesele
0%
Nie znaleziono quizów pasujących do podanych kryteriów
Rozkład punktacji
Procent ludzi z każdym wynikiem
Percentyl według liczby udzielonych odpowiedzi
Twoja historia wyników
Nie rozwiązałeś tego quizu